Career, communication, and critical thinking / (Record no. 7478)

MARC details
000 -LEADER
fixed length control field 00713nam a2200181 4500
020 ## - INTERNATIONAL STANDARD BOOK NUMBER
ISBN 0070517584
020 ## - INTERNATIONAL STANDARD BOOK NUMBER
ISBN 9780070517585
050 ## - CALL NUMBER
Classification number HF1131
Item number .D54
100 ## - AUTHOR
Personal name Dlabay, Les R.
245 ## - TITLE
Title Career, communication, and critical thinking /
Remainder of title a student guide.
Statement of responsibility, etc Les R. Dlabay,
260 ## - PUBLICATION INFORMATION
Place of publication New York :
Name of publisher McGraw-Hill,
Year of publication ©1996.
300 ## - DESCRIPTION
Number of Pages vii, 124 pages :
Other physical details illustrations ;
Dimensions 26 cm
505 ## - FORMATTED CONTENTS NOTE
Table of Content Planning your career in business today / <br/>Critical thinking guide / <br/>Guide to communication skills /
650 ## - SUBJECTS
Topical Term Business -- Vocational guidance --
General subdivision United States -- Handbooks, manuals, etc.
650 ## - SUBJECTS
Topical Term Critical thinking -- Study and teaching.
650 ## - SUBJECTS
Topical Term Business communication.
942 ## - ADDED ENTRY ELEMENTS (KOHA)
Koha item type Books
Holdings
Withdrawn status Lost status Collection code Home library Current library Shelving location Date acquired Full call number Accession Number Koha item type
    Non-fiction Methodist University Library Main Methodist University Library Main General Stacks 27/09/2000 HF1131 .D54 17456 Books
Copyright © 2026  MUG Library